000 00878nab a2200265 u 4500
001 10721
003 HDC
007 cr bn ---aaaaa
008 210205c20100618my dr|nes 0 a may d
040 _aHDC
100 _aZulkefli Mohamad,
_eauthor
_95659
245 0 _aMemperkasa integriti standard halal /
_cby Zulkefli Mohamad
260 _aKuala Lumpur :
_bMedia Mulia Sdn. Bhd.,
_c2010
336 _atext
_2rdacontent
337 _acomputer
_2rdamedia
338 _aonline resource
_2rdacarrier
650 _aHalal certificate
_9482
650 _aHalal industry
_9144
650 _aHealth supplement
_95184
710 _aUtusan Malaysia
856 _zRequest full-text at [email protected]
942 _2lcc
942 _cNEWS
942 _kNWSC 003921
999 _c8044
_d8044